000 01139nam a22002057a 4500
005 20180820123315.0
010 _aHIN-102290 B-700808-827
020 _c200.00
_a9788183098035
035 _aHN-74636
035 _aB-700808-827
037 _bDBAD / PUB
082 _a617.695
100 _aसोढानी, अरविन्द
245 _aदांतों के रोगः
_cअरविन्द सोढानी
_bघरेलु एवम आयुर्वेदिक उपचार /
260 _aजयपुर
_bपापुलर बुक डिपो
_bनारायण प्रकाशन
_c2012
_c2017
270 _aजी-15 एस.एस.टावर, धामाणी गली ,चौड़ा रास्ता
_bजयपुर
_k0141- 2325965
_mpbdjpr@rediffmail.com
300 _a100पृ.
_c22 सेमी. (सजिल्द)
942 _2ddc
_cHN
_mसोढानी
_h617.695
999 _c83899
_d83899